[Event "RUS-CHN Summit Men 8th"]
[Site "St. Petersburg"]
[Date "2012.07.04"]
[Round "3"]
[White "Li, Chao"]
[Black "Matlakov, Maxim"]
[Result "1/2-1/2"]
[WhiteElo "2687"]
[BlackElo "2668"]
[PlyCount "192"]
[EventDate "2012.??.??"]

1. c4 e5 2. Nc3 Nf6 3. g3 Bc5 4. Bg2 c6 5. e3 d5 6. cxd5 Nxd5 7. Nge2 O-O 8.
O-O Nxc3 9. Nxc3 Be6 10. b3 Nd7 11. Bb2 Be7 12. Ne2 f5 13. f4 Bf6 14. fxe5 Nxe5
15. Nd4 Qd7 16. Qc2 g6 17. Nxe6 Qxe6 18. Bd4 Ng4 19. Bxf6 Nxf6 20. Qc4 Rfe8 21.
Rac1 Rad8 22. Rc2 Kg7 23. a4 h5 24. Qc3 Kh6 25. b4 a6 26. b5 cxb5 27. axb5 axb5
28. Bxb7 Qd6 29. Qb2 h4 30. Rc6 Qxd2 31. Qxd2 Rxd2 32. Rxf6 hxg3 33. hxg3 Rxe3
34. Bf3 b4 35. Rb6 b3 36. Rf2 Rdd3 37. Kg2 Kg5 38. Rb4 Rc3 39. g4 Red3 40. gxf5
gxf5 41. Rb5 Kg6 42. Bd5 Re3 43. Kh2 Rc2 44. Rg2+ Rxg2+ 45. Kxg2 Re5 46. Rb6+
Kg5 47. Bxb3 Kf4 48. Kf2 Rc5 49. Rb4+ Kg5 50. Bc4 Re5 51. Bd3 Rd5 52. Ke3 Kf6
53. Bb1 Kg5 54. Kf3 Ra5 55. Rd4 Rb5 56. Bd3 Rc5 57. Rd6 Re5 58. Rd8 Ra5 59.
Rg8+ Kf6 60. Kf4 Ra4+ 61. Ke3 Ra7 62. Rf8+ Rf7 63. Ra8 Rh7 64. Rf8+ Rf7 65. Rd8
Rh7 66. Kf4 Rh4+ 67. Kg3 Rg4+ 68. Kf3 Rg5 69. Rd6+ Ke5 70. Rb6 Rh5 71. Rb5+ Kf6
72. Kf4 Rh4+ 73. Kg3 Rh5 74. Rb6+ Kg5 75. Rb5 Kf6 76. Rb8 Rg5+ 77. Kf4 Rg4+ 78.
Kf3 Rd4 79. Bb1 Rd5 80. Kf4 Rd4+ 81. Kg3 Rd5 82. Bc2 Kg5 83. Rg8+ Kf6 84. Kf4
Rd4+ 85. Ke3 Rd5 86. Bd3 Kf7 87. Rc8 Kf6 88. Bc4 Re5+ 89. Kd4 Ra5 90. Rg8 Ra1
91. Bb5 Kf7 92. Rc8 Kf6 93. Ke3 Re1+ 94. Be2 Kg5 95. Rc5 Kf6 96. Kf2 Rh1
1/2-1/2

[Event "RUS-CHN Summit Men 8th"]
[Site "St. Petersburg"]
[Date "2012.07.06"]
[Round "5"]
[White "Wang, Yue"]
[Black "Jakovenko, Dmitry"]
[Result "1/2-1/2"]
[WhiteElo "2697"]
[BlackElo "2736"]
[PlyCount "51"]
[EventDate "2012.??.??"]

1. c4 Nf6 2. Nf3 e6 3. g3 d5 4. Bg2 Be7 5. O-O O-O 6. d4 dxc4 7. Qc2 a6 8. a4
Bd7 9. Qxc4 Bc6 10. Bf4 Bd6 11. Bg5 Nbd7 12. Nc3 h6 13. Bxf6 Nxf6 14. a5 Bd5
15. Qd3 Bxf3 16. Bxf3 c6 17. Qc4 Qe7 18. Rfd1 Rad8 19. e3 g6 20. Bg2 h5 21. h4
Kg7 22. Qb3 Rfe8 23. Bf3 Rf8 24. Bg2 Rfe8 25. Bf3 Rf8 26. Bg2 1/2-1/2